| 000 | 01306nam0a2200361 4500 | ||
|---|---|---|---|
| 001 | RU\NLR\BIBL_A\021991119 | ||
| 005 | 20230816122306.0 | ||
| 010 |
_a978-5-17-146863-7 _92000 |
||
| 021 |
_aRU _bКН-П-23-040564 _9КН-П-23-4047 |
||
| 035 | _a(NLR Aleph) 021991119 | ||
| 090 |
_a12427788 _c12427788 |
||
| 100 | _a20230728d2023 u y0rusy50 ca | ||
| 101 | 1 |
_arus _ceng |
|
| 102 | _aRU | ||
| 105 | _aa z 000ay | ||
| 181 | 0 |
_ai _baxxe |
|
| 182 | 0 | _an | |
| 200 | 1 |
_aЦель _e[роман] _fЭль Кеннеди _gпер. с англ. Н. Болдыревой |
|
| 203 |
_aТекст _bвизуальный _cнепосредственный |
||
| 210 |
_aМосква _cАСТ _d2023 |
||
| 215 |
_a414, [1] с. _cил. _d21 |
||
| 225 | 1 | _aЗапретное желание | |
| 311 | _aЦикл "Вне кампуса" | ||
| 320 | _aДр. кн. авт. на 4-й с. обл. | ||
| 333 | _a18+ | ||
| 488 | 0 |
_12001#$aВне кампуса$eцикл _tВне кампуса |
|
| 686 | 1 | _aШ6(7К)167-440.4{Лх1960-18} | |
| 700 | 1 |
_7ca _8rus _aКеннеди _bЭ. _gЭль _9165235 _3RU\NLR\AUTH\770165279 |
|
| 942 | _cBOOK | ||
| 980 | _aNB | ||
| 996 |
_aметка _bnar |
||